00686cam a22002291 4500001001300000003000400013005001700017008004100034010001700075035002000092040004300112042001200155050002300167082001200190245007200202260002400274300002600298490002600324650002600350830006300376999001700439l 48000051 DLC20260227111540.0921102s1948 dcua f000 0 eng c al 48000051  a(OCoLC)26897487 aU.S. Dept. of Labor. LibrarycCLUdDLC apremarc00aHD7262b.U62 1948a a331.82310aButch looks to you;byou supervisors know safety speeds production. a[Washington,c1948] a18 p.billus.c20 cm.1 aIts Bulletin,vno. 97 0aIndustrial accidents. 0aBulletin (United States. Bureau of Labor Standards) ;v97. c36609d36609